00405 a2200157 450000500170000001000130001702000210003003500130005103700160006408200100008024500560009026000290014627000150017530000320019070000250022220240502161515.0 aB-758846 a9971905892c0.00 aB-758846 bGift/Unesco a302.2 aChildren in the News/bEdited by- Anura Goonasekera aSouth AsiabUNICEFc2001 aSouth Asia a492 p.;c24cm. (pb)bIndex aGoonasekera, Anura